<?xml version="1.0" encoding="UTF-8"?>
<record
    xmlns:xsi="http://www.w3.org/2001/XMLSchema-instance"
    xsi:schemaLocation="http://www.loc.gov/MARC21/slim http://www.loc.gov/standards/marcxml/schema/MARC21slim.xsd"
    xmlns="http://www.loc.gov/MARC21/slim">

  <leader>00766nam a2200241 a 4500</leader>
  <controlfield tag="001">BRCA_3652</controlfield>
  <controlfield tag="005">20190320204353.0</controlfield>
  <controlfield tag="008">280809s1995----cc-a---###---#000-0#eng-#</controlfield>
  <datafield tag="020" ind1=" " ind2=" ">
    <subfield code="a">0934351503</subfield>
  </datafield>
  <datafield tag="041" ind1=" " ind2=" ">
    <subfield code="a">eng</subfield>
  </datafield>
  <datafield tag="044" ind1=" " ind2=" ">
    <subfield code="a">cc</subfield>
  </datafield>
  <datafield tag="050" ind1=" " ind2="4">
    <subfield code="a">E78.A7</subfield>
    <subfield code="b">.M37 1995</subfield>
  </datafield>
  <datafield tag="100" ind1="1" ind2=" ">
    <subfield code="a">Marshall, Ann E.</subfield>
    <subfield code="9">9469</subfield>
  </datafield>
  <datafield tag="245" ind1="1" ind2="0">
    <subfield code="a">The Heard Museum</subfield>
    <subfield code="b">History and Collections.</subfield>
    <subfield code="c">Ann E. Marshall y Mary H. Brennan.</subfield>
  </datafield>
  <datafield tag="260" ind1=" " ind2=" ">
    <subfield code="a">Hong Kong</subfield>
    <subfield code="b">The Heard Museum</subfield>
    <subfield code="c">1995</subfield>
  </datafield>
  <datafield tag="300" ind1=" " ind2=" ">
    <subfield code="a">48 p.</subfield>
    <subfield code="b">il. a color</subfield>
    <subfield code="c">31 cm.</subfield>
  </datafield>
  <datafield tag="650" ind1="1" ind2="4">
    <subfield code="a">Heart Museum</subfield>
    <subfield code="9">9470</subfield>
  </datafield>
  <datafield tag="650" ind1="1" ind2="4">
    <subfield code="a">Ind&#xED;genas de Norteam&#xE9;rica</subfield>
    <subfield code="x">Museos</subfield>
    <subfield code="z">Arizona</subfield>
    <subfield code="9">9471</subfield>
  </datafield>
  <datafield tag="650" ind1="1" ind2="4">
    <subfield code="a">Ind&#xED;genas de Norteam&#xE9;rica</subfield>
    <subfield code="x">Antig&#xFC;edades</subfield>
    <subfield code="z">Arizona</subfield>
    <subfield code="9">9472</subfield>
  </datafield>
  <datafield tag="651" ind1=" " ind2="4">
    <subfield code="a">Arizona</subfield>
    <subfield code="x">Antig&#xFC;edades</subfield>
    <subfield code="9">9473</subfield>
  </datafield>
  <datafield tag="700" ind1="1" ind2=" ">
    <subfield code="a">Brennan, Mary H</subfield>
    <subfield code="9">9474</subfield>
  </datafield>
  <datafield tag="942" ind1=" " ind2=" ">
    <subfield code="2">lcc</subfield>
    <subfield code="c">B</subfield>
  </datafield>
  <datafield tag="999" ind1=" " ind2=" ">
    <subfield code="c">3386</subfield>
    <subfield code="d">3386</subfield>
  </datafield>
  <datafield tag="952" ind1=" " ind2=" ">
    <subfield code="0">0</subfield>
    <subfield code="1">0</subfield>
    <subfield code="4">0</subfield>
    <subfield code="7">0</subfield>
    <subfield code="a">BRCA</subfield>
    <subfield code="b">BRCA</subfield>
    <subfield code="d">2009-08-27</subfield>
    <subfield code="l">0</subfield>
    <subfield code="o">E78.A7 .M37 1995</subfield>
    <subfield code="p">01044</subfield>
    <subfield code="r">2019-03-22 00:00:00</subfield>
    <subfield code="w">2019-03-22</subfield>
    <subfield code="y">B</subfield>
  </datafield>
</record>
